000 00895nam a2200277Ia 4500
003 OSt
005 20221005030454.0
006 a|||||r|||| 00| 0
007 ta
008 221004b |||||||| |||| 00| 0 eng d
020 _a9781107582859 (pbk)
_cUKP 31.99
024 _a29050
037 _b089, 23/02/2017, Classic Book Service
_cTextual
040 _aCRL
_cCRL
_beng
041 _2eng
_aeng
082 _aW, Q6
100 _aNewton Kenneth Au.
_932912
245 0 _aFoundations of comparative politics
_b democracies of the modern world
250 _a3rd
260 _aCambridge
_bCambridge University Press UK
_c2016
300 _axxvii, 438p.
_ccm.
650 _aPOLITICAL SCIENCE
700 _a DEth Jan W. Van Au.
_932913
942 _hW, Q6
_cTEXL
_2cc
999 _c936289
_d936289